000 00644nam a22002177a 4500
003 UA-OsUOA
001 117803
007 ta
008 20160615b un ||||| |||| 00| 0 ukr d
100 _aДоценко О.
090 _a81
_bД71
942 _cSA
040 _aUA-OsUOA
_bukr
_cUA-OsUOA
_dUA-OsUOA
245 _aКольористика як засіб асоціативно-образного бачення твору
300 _aС.37-41
955 _a0
041 _aukr
080 _a81
773 0 _w117798
650 7 _a8 Мовознавство. Художня література. Літературознавство
_2UDC
999 _c403855
_d403855